Datum a čas kvízu
35.5
Celkem bodů
Celkový počet nahraných bodů na tomto kvízu bez doplňovacích otázek.
5.
Pořadí na kvízu
Konečné umístění týmu na tomto kvízu.
Zaznamenané odpovědi
| # | Otázka | Odpověď | Body | Výsledky |
|---|---|---|---|---|
| 1. | Jak se jmenuje funkcionář, jem... | Josef Středula | 1 | |
| 2. | Na mezinárodní vesmírnou stani... | americká (3 členové), ruská (1 člen) | 1 | |
| 3. | Po Taťáně Kuchařové, která tri... | Krystyna Pyszková | 0 | |
| 4. | Od středy minulého týdne je za... | HHC | 1 | |
| 5. | Ve čtvrtek byla odehrána evrop... | 3 : 9 | 1 | |
| 6. | Začneme prvním českým králem p... | Přemysl Otakar II., 1278 | 0.5 | |
| 7. | Další „slavnou“ prohrou, která... | stoletá válka | 0 | |
| 8. | Za naši slavnou prohru lze ozn... | D | 1 | |
| 9. | Bitva na Bílé hoře zpečetila o... | listopad 1620 | 1 | |
| 10. | Napište jména dvou mužů, kteří... | Neville Chamberlain, Édouard Daladier | 0.5 |